The performing century : (Record no. 14325)
[ view plain ]
| 000 -LEADER | |
|---|---|
| fixed length control field | 01192nam a2200301 a 4500 |
| 001 - CONTROL NUMBER | |
| control field | ASIN0230250408 |
| 005 - DATE AND TIME OF LATEST TRANSACTION | |
| control field | 20170105102852.0 |
| 008 - FIXED-LENGTH DATA ELEMENTS--GENERAL INFORMATION | |
| fixed length control field | 130821s2010 xxu eng d |
| 020 ## - INTERNATIONAL STANDARD BOOK NUMBER | |
| International Standard Book Number | 0230250408 (paperback) |
| Terms of availability | $31.95 |
| 020 ## - INTERNATIONAL STANDARD BOOK NUMBER | |
| International Standard Book Number | 9780230250406 (paperback) |
| 040 ## - CATALOGING SOURCE | |
| Original cataloging agency | 0 |
| 050 04 - LIBRARY OF CONGRESS CALL NUMBER | |
| Classification number | PN2594 |
| 082 04 - DEWEY DECIMAL CLASSIFICATION NUMBER | |
| Classification number | 792.094109 |
| 245 14 - TITLE STATEMENT | |
| Title | The performing century : |
| Remainder of title | nineteenth-century theatre's history / |
| Statement of responsibility, etc. | Tracy C. Davis, Peter Holland. |
| 260 ## - PUBLICATION, DISTRIBUTION, ETC. | |
| Place of publication, distribution, etc. | [S.l.] : |
| Name of publisher, distributor, etc. | Palgrave Macmillan, |
| Date of publication, distribution, etc. | 2010. |
| 300 ## - PHYSICAL DESCRIPTION | |
| Extent | 288 p. ; |
| Dimensions | 24 cm. |
| 490 1# - SERIES STATEMENT | |
| Series statement | Redefining british theatre history. |
| 520 ## - SUMMARY, ETC. | |
| Summary, etc. | This book, now available for the first time in paperback,�looks at modes of performance and forms of theatre in Nineteenth-century Britain and Ireland. On a variety of subjects, the authors redefine what theatre and performance in the Nineteenth century might be. |
| 650 #0 - SUBJECT ADDED ENTRY--TOPICAL TERM | |
| Topical term or geographic name entry element | English drama |
| 650 #0 - SUBJECT ADDED ENTRY--TOPICAL TERM | |
| Topical term or geographic name entry element | Great Britain |
| 650 #0 - SUBJECT ADDED ENTRY--TOPICAL TERM | |
| Topical term or geographic name entry element | Ireland |
| 650 #0 - SUBJECT ADDED ENTRY--TOPICAL TERM | |
| Topical term or geographic name entry element | Theater |
| 700 1# - ADDED ENTRY--PERSONAL NAME | |
| Personal name | Davis, Tracy C. |
| 700 1# - ADDED ENTRY--PERSONAL NAME | |
| Personal name | Holland, Peter. |
| 830 #0 - SERIES ADDED ENTRY--UNIFORM TITLE | |
| Uniform title | Redefining british theatre history. |
| 856 40 - ELECTRONIC LOCATION AND ACCESS | |
| Materials specified | Amazon.com |
| Uniform Resource Identifier | <a href="http://www.amazon.com/exec/obidos/ASIN/0230250408/chopaconline-20">http://www.amazon.com/exec/obidos/ASIN/0230250408/chopaconline-20</a> |
| 942 ## - ADDED ENTRY ELEMENTS (KOHA) | |
| Source of classification or shelving scheme | |
| Koha item type | Book |
| Withdrawn status | Lost status | Damaged status | Not for loan | Collection code | Permanent Location | Current Location | Shelving location | Date acquired | Total Checkouts | Full call number | Barcode | Date last seen | Price effective from | Koha item type |
|---|---|---|---|---|---|---|---|---|---|---|---|---|---|---|
| Central Library (CL) | Central Library (CL) | General Stacks | 08/06/2013 | 792.0941 PER 2007 | CIPS0000613 | 08/21/2013 | 01/05/2017 | Book |
